[Event "TuS Makkabi Berlin-SV Motor Eberswalde"]
[Site "?"]
[Date "2009.12.27"]
[Round "1.1"]
[White "Wenzke, Tim"]
[Black "Lerch, Philipp"]
[Result "0-1"]
[WhiteElo "1506"]
[BlackElo "1903"]
[PlyCount "52"]
[EventDate "2009.??.??"]
[WhiteTeam "SV Motor Eberswalde"]
[BlackTeam "TuS Makkabi Berlin"]

1. d4 f5 2. Bf4 Nf6 3. e3 e6 4. Nf3 b6 5. Nbd2 Bb7 6. Bd3 Bd6 7. Bg3 O-O 8. c4
Bxg3 9. hxg3 Qe7 10. Qb3 d6 11. O-O Ne4 12. Qc2 Nxd2 13. Qxd2 e5 14. Bc2 e4 15.
Nh2 Nd7 16. a3 Qg5 17. Bb3 Rf6 18. Rfc1 c6 19. Bd1 Rh6 20. b3 Nf6 21. Qe2 Re8
22. a4 Bc8 23. b4 Ng4 24. f4 exf3 25. Nxf3 Qh5 26. Kf1 Nxe3+ 0-1

[Event "TuS Makkabi Berlin-SV Motor Eberswalde"]
[Site "?"]
[Date "2009.12.27"]
[Round "1.2"]
[White "Sawlin, Leonid"]
[Black "Tesch, Davy"]
[Result "1-0"]
[WhiteElo "1785"]
[BlackElo "1303"]
[PlyCount "63"]
[EventDate "2009.??.??"]
[WhiteTeam "TuS Makkabi Berlin"]
[BlackTeam "SV Motor Eberswalde"]

1. e4 c5 2. Nf3 a6 3. c3 Nf6 4. e5 Nd5 5. d4 e6 6. Bd3 d6 7. O-O Be7 8. Re1 O-O
9. exd6 Bxd6 10. c4 Nb4 11. Bxh7+ Kh8 12. Bd3 Be7 13. a3 Nxd3 14. Qxd3 Bf6 15.
d5 exd5 16. cxd5 Bg4 17. Nc3 Re8 18. Rxe8+ Qxe8 19. Bd2 Qd7 20. Qe4 Bf5 21. Qc4
Be7 22. Ne5 Qe8 23. d6 Bf6 24. Nxf7+ Kh7 25. Qxc5 Qxf7 26. Qxf5+ Kh8 27. Re1
Nc6 28. Ne4 Rf8 29. Re3 g6 30. Qxf6+ Qxf6 31. Nxf6 Rxf6 32. Bc3 1-0

[Event "TuS Makkabi Berlin-SV Motor Eberswalde"]
[Site "?"]
[Date "2009.12.27"]
[Round "1.3"]
[White "Mätzkow, Maximilian Paul"]
[Black "Lagunow, Raphael"]
[Result "0-1"]
[WhiteElo "1366"]
[BlackElo "1646"]
[PlyCount "114"]
[EventDate "2009.??.??"]
[WhiteTeam "SV Motor Eberswalde"]
[BlackTeam "TuS Makkabi Berlin"]

1. e4 c5 2. Nf3 Nc6 3. Nc3 Nf6 4. Be2 e6 5. O-O Be7 6. d4 cxd4 7. Nxd4 O-O 8.
Be3 b6 9. Kh1 Bb7 10. Bd3 Rc8 11. f4 d6 12. Qf3 Na5 13. Qh3 h6 14. Rf3 Rxc3 15.
bxc3 Nxe4 16. Bxe4 Bxe4 17. Rf2 d5 18. Raf1 Qc8 19. Bc1 Nc4 20. Qg3 Kh7 21. f5
e5 22. Ne2 Bc5 23. f6 g6 24. Qh4 Be3 25. Bxe3 Nxe3 26. Rg1 Nf5 27. Qh3 Qc6 28.
Rgf1 Qxf6 29. Ng3 Nxg3+ 30. Qxg3 Qe6 31. Qh4 f5 32. Qh3 Qe7 33. Kg1 g5 34. Qh5
Qf7 35. Qxf7+ Rxf7 36. g4 f4 37. h3 Rc7 38. Rh2 Rxc3 39. Kf2 Rxc2+ 40. Kg1 Rc3
41. Kf2 Bd3 42. Re1 e4 43. h4 Rc2+ 44. Kg1 Rxh2 45. Kxh2 gxh4 46. Rc1 f3 47.
Rc7+ Kg6 48. Rc6+ Kg5 49. Kh3 f2 50. Rd6 f1=Q+ 51. Kh2 Qf2+ 52. Kh1 Bf1 53.
Rxd5+ Kg6 54. Rd6+ Kf7 55. Rf6+ Kxf6 56. g5+ hxg5 57. a4 Qg2# 0-1

[Event "TuS Makkabi Berlin-SV Motor Eberswalde"]
[Site "?"]
[Date "2009.12.27"]
[Round "1.4"]
[White "Lagunow, Elina"]
[Black "Windschügl, Martin"]
[Result "1-0"]
[WhiteElo "1607"]
[BlackElo "1140"]
[PlyCount "97"]
[EventDate "2009.??.??"]
[WhiteTeam "TuS Makkabi Berlin"]
[BlackTeam "SV Motor Eberswalde"]

1. e4 d5 2. exd5 Qxd5 3. Nf3 Nf6 4. Be2 Bf5 5. O-O e6 6. d4 Qd7 7. c4 b6 8. Ne5
Qd8 9. Qa4+ Nbd7 10. Nc3 Bd6 11. Bf3 O-O 12. Nxd7 Qxd7 13. Qxd7 Nxd7 14. Bxa8
Rxa8 15. Rd1 Rd8 16. Be3 Re8 17. Rd2 e5 18. d5 Bc5 19. Rf1 Bxe3 20. fxe3 Bg6
21. e4 Nc5 22. Re2 Rc8 23. Re3 c6 24. b4 Nb7 25. Rf2 cxd5 26. cxd5 Rd8 27. Nb5
a6 28. Na7 Ra8 29. Rc2 h6 30. Rc8+ Rxc8 31. Nxc8 b5 32. Ne7+ Kh7 33. Nxg6 Kxg6
34. Rc3 Kg5 35. Rc6 Kf4 36. d6 Kxe4 37. d7 Kd3 38. Rd6+ Ke3 39. d8=Q Nxd8 40.
Rxd8 e4 41. Kf1 f5 42. Rd7 g5 43. Rh7 f4 44. Rxh6 f3 45. Rg6 fxg2+ 46. Kxg2 Ke2
47. Rxg5 e3 48. Re5 Kd2 49. Kf3 1-0

[Event "SC Forchheim-Hamburger SK"]
[Site "?"]
[Date "2009.12.27"]
[Round "1.1"]
[White "Sander, Jean Louis"]
[Black "Wagner, Robert"]
[Result "1-0"]
[WhiteElo "1652"]
[BlackElo "1603"]
[PlyCount "67"]
[EventDate "2009.??.??"]
[WhiteTeam "Hamburger SK"]
[BlackTeam "SC Forchheim"]

1. e4 c5 2. Nf3 d6 3. d4 cxd4 4. Nxd4 g6 5. Nc3 Nf6 6. f3 Bg7 7. Be3 O-O 8. Qd2
Nc6 9. O-O-O Bd7 10. g4 Qa5 11. h4 a6 12. Nb3 Qc7 13. g5 Nh5 14. Nd5 Qd8 15.
Bh3 Ne5 16. Qb4 Bxh3 17. Rxh3 Qd7 18. Rdh1 Rac8 19. Kb1 Rc4 20. Qd2 Rc6 21. Na5
Nc4 22. Nxc4 Rxc4 23. Nb6 Qb5 24. Nxc4 Qxc4 25. Qd3 Qb4 26. Qb3 Qa5 27. Rd1 Rc8
28. f4 b5 29. Bd2 Qb6 30. Bc3 e5 31. fxe5 dxe5 32. Rhd3 Rc4 33. Rd8+ Bf8 34.
Bb4 1-0

[Event "SC Forchheim-Hamburger SK"]
[Site "?"]
[Date "2009.12.27"]
[Round "1.2"]
[White "Wernsdörfer, Fabio"]
[Black "Kramer, Julian"]
[Result "0-1"]
[WhiteElo "1293"]
[BlackElo "1409"]
[PlyCount "88"]
[EventDate "2009.??.??"]
[WhiteTeam "SC Forchheim"]
[BlackTeam "Hamburger SK"]

1. e4 c5 2. d4 cxd4 3. Nf3 d6 4. Nxd4 Nf6 5. Nc3 a6 6. Bc4 e6 7. O-O Qc7 8. Bb3
Be7 9. Be3 b5 10. a3 Nc6 11. Nxc6 Qxc6 12. Qd3 Bb7 13. f3 O-O 14. Rad1 Nd7 15.
Rfe1 Nc5 16. Bxc5 Qxc5+ 17. Qd4 Qxd4+ 18. Rxd4 d5 19. exd5 Bc5 20. Red1 Bxd4+
21. Rxd4 Rad8 22. Rd1 exd5 23. Bxd5 Bxd5 24. Nxd5 Kh8 25. b3 Rd6 26. c4 bxc4
27. bxc4 Rc8 28. Re1 h6 29. Ne3 Re6 30. Kf2 Rb8 31. Re2 Rb3 32. a4 Ra3 33. g3
Rxa4 34. Ke1 Ra1+ 35. Kf2 a5 36. Rc2 a4 37. c5 Rb1 38. c6 Re8 39. c7 Rc8 40.
Nd5 a3 41. Ne7 Rb2 42. Rxb2 axb2 43. Nxc8 b1=Q 44. Nd6 Qc2+ 0-1

[Event "SC Forchheim-Hamburger SK"]
[Site "?"]
[Date "2009.12.27"]
[Round "1.3"]
[White "Baberz, Alexander"]
[Black "Braun, Kristin"]
[Result "1-0"]
[WhiteElo "1404"]
[BlackElo "1335"]
[PlyCount "79"]
[EventDate "2009.??.??"]
[WhiteTeam "Hamburger SK"]
[BlackTeam "SC Forchheim"]

1. d4 d5 2. c4 c6 3. Nc3 Nf6 4. e3 e6 5. Nf3 Bb4 6. Bd2 Bd7 7. Qb3 Qa5 8. a3
Na6 9. Bd3 O-O 10. O-O Bd6 11. Nxd5 Qd8 12. Nxf6+ Qxf6 13. e4 e5 14. Bg5 Qe6
15. d5 cxd5 16. cxd5 Qg6 17. Kh1 Nc5 18. Qd1 Bg4 19. Rg1 Nxe4 20. Qe1 Nxf2+ 21.
Qxf2 Qxd3 22. Qg3 Bxf3 23. gxf3 f6 24. Bxf6 Qg6 25. Bxg7 Qxg3 26. Rxg3 e4 27.
Be5+ Kf7 28. Rg7+ Ke8 29. Bxd6 exf3 30. Bxf8 Kxf8 31. Rg3 f2 32. Rf3+ Ke7 33.
Rxf2 Kd6 34. Rc1 h5 35. Rf5 h4 36. Rh5 b5 37. Rc6+ Ke7 38. Rh7+ Kd8 39. Rg6 Ke8
40. Rg8# 1-0

[Event "SC Forchheim-Hamburger SK"]
[Site "?"]
[Date "2009.12.27"]
[Round "1.4"]
[White "Bodky, Daniel"]
[Black "Lampert, Joshua"]
[Result "0-1"]
[WhiteElo "1064"]
[BlackElo "1101"]
[PlyCount "102"]
[EventDate "2009.??.??"]
[WhiteTeam "SC Forchheim"]
[BlackTeam "Hamburger SK"]

1. c4 c6 2. Nc3 Nf6 3. Nf3 e6 4. a3 d5 5. e3 Nbd7 6. d4 Bd6 7. c5 Be7 8. Be2
O-O 9. O-O b5 10. Ne5 Bb7 11. Qd3 Qc7 12. Ng4 Nxg4 13. Bxg4 Nf6 14. Bh3 e5 15.
g3 e4 16. Qe2 Bc8 17. Bg2 Bg4 18. f3 exf3 19. Bxf3 Bxf3 20. Qxf3 Qd7 21. Bd2
Qh3 22. Rf2 Ng4 23. Rg2 Rfe8 24. Ne2 Bg5 25. Nf4 Bxf4 26. Qxf4 Re6 27. Rf1 Rf6
28. Qg5 Rxf1+ 29. Kxf1 Nxh2+ 30. Kf2 Ng4+ 31. Kg1 Nf6 32. Rh2 Qg4 33. Qxg4 Nxg4
34. Rh4 Nf6 35. g4 Re8 36. g5 Ne4 37. Ba5 Nxg5 38. Kf2 Re4 39. Rh5 h6 40. Bd8
Ne6 41. Be7 Nxd4 42. exd4 Rxe7 43. b3 Re4 44. Rh3 Rxd4 45. Re3 Re4 46. Rd3 f5
47. Rg3 g5 48. Rg2 Kg7 49. Rg3 d4 50. Rf3 Rf4 51. Rxf4 gxf4 0-1

[Event "TuS Makkabi Frankfurt a. M.-SF Katernber"]
[Site "?"]
[Date "2009.12.27"]
[Round "1.1"]
[White "Imcke, Patrick"]
[Black "Baskin, Robert"]
[Result "1-0"]
[WhiteElo "1745"]
[BlackElo "1775"]
[PlyCount "115"]
[EventDate "2009.??.??"]
[WhiteTeam "SF Katernberg"]
[BlackTeam "TuS Makkabi Frankfurt a. M."]

1. e4 e6 2. d4 d5 3. Nc3 Bb4 4. Nge2 dxe4 5. a3 Be7 6. Nxe4 Nf6 7. N2c3 Bd7 8.
Bc4 Bc6 9. f3 O-O 10. O-O b6 11. Be3 Bb7 12. Qd2 c6 13. Rad1 Re8 14. Bb3 Nd5
15. Nxd5 cxd5 16. Nf2 Nd7 17. Nd3 Rc8 18. Rfe1 Bd6 19. Bf4 Bxf4 20. Nxf4 Ba6
21. c3 Bc4 22. Bc2 h6 23. Nd3 Qc7 24. Ba4 b5 25. Bc2 a6 26. Nf2 b4 27. axb4 Nb6
28. Ng4 f5 29. Ne5 Nd7 30. Bd3 Nxe5 31. Rxe5 Bxd3 32. Qxd3 Qc4 33. Qxc4 Rxc4
34. f4 Rcc8 35. Kf2 Ra8 36. Ra1 Kf7 37. Ree1 Reb8 38. Ra5 Ke7 39. Rea1 Rb6 40.
b5 Kd7 41. Rxa6 Raxa6 42. Rxa6 Rxb5 43. b4 Rb7 44. Ke2 Rc7 45. Kd3 g5 46. g3 g4
47. Kc2 Ke7 48. Kb3 Kf6 49. b5 Rc8 50. Ra7 Rb8 51. Kb4 Rc8 52. b6 Rc4+ 53. Kb5
Rc8 54. b7 Rb8 55. Kb4 Ke7 56. Kb5 Kd7 57. Kb6 h5 58. Ra8 1-0

[Event "TuS Makkabi Frankfurt a. M.-SF Katernber"]
[Site "?"]
[Date "2009.12.27"]
[Round "1.2"]
[White "Mager, Denis"]
[Black "Dette, Tim"]
[Result "1-0"]
[WhiteElo "1648"]
[BlackElo "1260"]
[PlyCount "87"]
[EventDate "2009.??.??"]
[WhiteTeam "TuS Makkabi Frankfurt a. M."]
[BlackTeam "SF Katernberg"]

1. Nf3 c5 2. d4 cxd4 3. Nxd4 Nf6 4. c4 g6 5. Nc3 Bg7 6. e4 d6 7. Be3 O-O 8. Bd3
b6 9. O-O Bb7 10. f3 Nfd7 11. Rc1 Nc5 12. b4 Ne6 13. Nce2 Nc6 14. Nxe6 fxe6 15.
b5 Ne5 16. Nd4 Qd7 17. Be2 Nf7 18. Qb3 Rac8 19. Rfd1 Nd8 20. Qa3 Ba8 21. Nb3
Nb7 22. Qxa7 Nc5 23. Qxd7 Nxd7 24. Nd4 Nc5 25. Rc2 e5 26. Nb3 Na4 27. Rd3 h6
28. Nd2 g5 29. Ra3 Nc5 30. Nb3 Nd7 31. Ra7 Nc5 32. Nxc5 dxc5 33. Rxe7 Rf7 34.
Re6 Rf6 35. Rxf6 Bxf6 36. Rd2 Bd8 37. Rd7 Bc7 38. h4 Bd8 39. Rd6 Kg7 40. Re6
gxh4 41. Bxh6+ Kh7 42. Be3 Bc7 43. Rh6+ Kg7 44. Rxh4 1-0

[Event "TuS Makkabi Frankfurt a. M.-SF Katernber"]
[Site "?"]
[Date "2009.12.27"]
[Round "1.3"]
[White "Marvani, Arman"]
[Black "Greif, Gavin"]
[Result "0-1"]
[WhiteElo "1067"]
[BlackElo "1346"]
[PlyCount "42"]
[EventDate "2009.??.??"]
[WhiteTeam "SF Katernberg"]
[BlackTeam "TuS Makkabi Frankfurt a. M."]

1. e4 e5 2. d4 exd4 3. Nf3 d6 4. b3 Nf6 5. Qxd4 Nc6 6. Qe3 Be7 7. Bb2 Ng4 8.
Qd2 Bf6 9. Nc3 O-O 10. h3 Nge5 11. Nh2 Re8 12. Bd3 Nd4 13. O-O Bxh3 14. gxh3
Nef3+ 15. Nxf3 Nxf3+ 16. Kg2 Nxd2 17. Rfe1 Bxc3 18. Bxc3 Nxe4 19. Bxe4 Rxe4 20.
Rg1 Qh4 21. Rgf1 f6 0-1

[Event "TuS Makkabi Frankfurt a. M.-SF Katernber"]
[Site "?"]
[Date "2009.12.27"]
[Round "1.4"]
[White "Paulsen, Alexej"]
[Black "Schimnatkowski, Lukas"]
[Result "1/2-1/2"]
[WhiteElo "1411"]
[BlackElo "1105"]
[PlyCount "84"]
[EventDate "2009.??.??"]
[WhiteTeam "TuS Makkabi Frankfurt a. M."]
[BlackTeam "SF Katernberg"]

1. e4 e6 2. d4 d5 3. exd5 exd5 4. Bd3 Nc6 5. c3 Nf6 6. Nf3 Bd6 7. O-O O-O 8. h3
Re8 9. Re1 Rxe1+ 10. Qxe1 Be6 11. Be3 Qd7 12. Ng5 Re8 13. Nxe6 Qxe6 14. Qe2 Ne4
15. Bxe4 Qxe4 16. Na3 a6 17. Qc2 Qe6 18. Qd3 Ne7 19. Nc2 Qf5 20. Qxf5 Nxf5 21.
Re1 c6 22. Kf1 h6 23. Bd2 Rxe1+ 24. Kxe1 Kf8 25. Ke2 Ke7 26. Kd3 Ke6 27. Ne3
Bf4 28. Nxf5 Kxf5 29. Be3 g5 30. g4+ Kg6 31. Bxf4 gxf4 32. h4 h5 33. g5 Kf5 34.
f3 f6 35. gxf6 Kxf6 36. c4 Ke6 37. c5 Ke7 38. Kc3 Kd7 39. b4 b6 40. Kb3 b5 41.
a4 Ke7 42. Kb2 Kd7 1/2-1/2

[Event "SV Medizin Erfurt-SF Brackel"]
[Site "?"]
[Date "2009.12.27"]
[Round "1.1"]
[White "Hümmecke, Aaron"]
[Black "Knorre, Jonas"]
[Result "1-0"]
[WhiteElo "1614"]
[BlackElo "1313"]
[PlyCount "73"]
[EventDate "2009.??.??"]
[WhiteTeam "SF Brackel"]
[BlackTeam "SV Medizin Erfurt"]

1. e4 c5 2. c3 Nf6 3. e5 Nd5 4. d4 cxd4 5. cxd4 Nc6 6. Nf3 d6 7. Bc4 Nb6 8. Bb5
dxe5 9. Nxe5 Qd6 10. Qf3 Qe6 11. O-O Bd7 12. Nxc6 Bxc6 13. Bxc6+ Qxc6 14. Qxc6+
bxc6 15. Be3 g6 16. Nd2 Bg7 17. Rac1 Rc8 18. Rc2 Nd5 19. a3 Nxe3 20. fxe3 Bh6
21. Kf2 f6 22. Rfc1 Kd7 23. Nb3 Rc7 24. Nc5+ Kd6 25. Na6 Rcc8 26. Nb4 Kd7 27.
Nxc6 a6 28. Nb4 Rxc2+ 29. Rxc2 a5 30. Nd5 Kd6 31. Nb6 e5 32. Nc4+ Kd5 33. dxe5
fxe5 34. Nxa5 Rf8+ 35. Ke2 Ra8 36. Nc4 Rc8 37. Nb6+ 1-0

[Event "SV Medizin Erfurt-SF Brackel"]
[Site "?"]
[Date "2009.12.27"]
[Round "1.2"]
[White "Lindner, Ferdinand"]
[Black "Birnkraut, Tim"]
[Result "1-0"]
[WhiteElo "1413"]
[BlackElo "1673"]
[PlyCount "73"]
[EventDate "2009.??.??"]
[WhiteTeam "SV Medizin Erfurt"]
[BlackTeam "SF Brackel"]

1. e4 e5 2. Nf3 Nc6 3. Bc4 Bc5 4. c3 Nf6 5. d4 exd4 6. cxd4 Bb4+ 7. Nc3 Nxe4 8.
O-O Bxc3 9. d5 Ne5 10. Nxe5 Bxe5 11. Re1 d6 12. f4 f5 13. fxe5 dxe5 14. Qh5+ g6
15. Qh6 Qf6 16. Bd3 Bd7 17. Bxe4 fxe4 18. Rf1 Bf5 19. g4 Qf8 20. gxf5 Qxh6 21.
Bxh6 Rg8 22. Kh1 O-O-O 23. f6 Kd7 24. f7 Rgf8 25. Bxf8 Rxf8 26. Rae1 Kd6 27.
Rxe4 Kxd5 28. Rh4 h5 29. Rh3 e4 30. Kg2 Kd4 31. Rf4 g5 32. Rf1 h4 33. Rc3 c5
34. Rd1+ Ke5 35. Rxc5+ Ke6 36. Rc7 e3 37. Re1 1-0

[Event "SV Medizin Erfurt-SF Brackel"]
[Site "?"]
[Date "2009.12.27"]
[Round "1.3"]
[White "Wastian, Jan"]
[Black "Michels, Kim"]
[Result "1-0"]
[WhiteElo "1479"]
[BlackElo "1184"]
[PlyCount "57"]
[EventDate "2009.??.??"]
[WhiteTeam "SF Brackel"]
[BlackTeam "SV Medizin Erfurt"]

1. e4 c5 2. c3 Nf6 3. e5 Nd5 4. d4 cxd4 5. Nf3 d6 6. exd6 Qxd6 7. Nxd4 Nc6 8.
Bc4 Nb6 9. Bb3 g6 10. Qf3 Ne5 11. Qe2 Bg7 12. O-O Nc6 13. Nb5 Qe5 14. Qf3 O-O
15. c4 a6 16. N5c3 Nd4 17. Qe3 Qc7 18. Nd2 Be5 19. f4 Bg7 20. Ne2 Rd8 21. Kh1
Nf5 22. Qf3 Bd7 23. Nc3 Bc6 24. Qf2 Bd4 25. Qe2 Ne3 26. Rg1 Qxf4 27. Nf3 Qd6
28. Bxe3 e5 29. Rad1 1-0

[Event "SV Medizin Erfurt-SF Brackel"]
[Site "?"]
[Date "2009.12.27"]
[Round "1.4"]
[White "Nguyen, Huy Dat"]
[Black "Trümper, Michael"]
[Result "0-1"]
[WhiteElo "1153"]
[BlackElo "1395"]
[PlyCount "104"]
[EventDate "2009.??.??"]
[WhiteTeam "SV Medizin Erfurt"]
[BlackTeam "SF Brackel"]

1. d4 d5 2. Nf3 Nf6 3. e3 e6 4. Bd3 c5 5. b3 Nc6 6. Bb2 Be7 7. O-O O-O 8. Nbd2
Nb4 9. Be2 Bd7 10. a3 Nc6 11. Bd3 a5 12. Ne5 Nxe5 13. dxe5 Ne8 14. f4 f6 15.
Qh5 f5 16. Rf3 g6 17. Qh6 Rf7 18. h3 Bf8 19. Qg5 Qxg5 20. fxg5 Be7 21. h4 a4
22. Kh2 b5 23. g3 Rc8 24. bxa4 c4 25. axb5 cxd3 26. c3 Bxb5 27. a4 Ba6 28. Kg1
Bc5 29. Kf1 Rb7 30. Bc1 Ra8 31. Ke1 Bb5 32. a5 Bc4 33. Nxc4 dxc4 34. Kd2 Nc7
35. Rf4 Nd5 36. Rxc4 Bxe3+ 37. Kxd3 Bxc1 38. Rxc1 Rxa5 39. Rc6 Kf7 40. Kd4 Rd7
41. Rd6 Rxd6 42. exd6 Ke8 43. c4 Nb4 44. c5 Kd7 45. Kc3 Na2+ 46. Kb2 Nxc1 47.
Kxc1 Rxc5+ 48. Kd2 Kxd6 49. Ke3 Ke5 50. Kd3 Kd5 51. Ke3 Rc3+ 52. Kf4 e5# 0-1

[Event "BSG Chemie Leipzig-USV Volksbank Halle"]
[Site "?"]
[Date "2009.12.27"]
[Round "1.1"]
[White "Schulte, Felix"]
[Black "Schmücker, Felix"]
[Result "0-1"]
[WhiteElo "1407"]
[BlackElo "1745"]
[PlyCount "98"]
[EventDate "2009.??.??"]
[WhiteTeam "USV Volksbank Halle"]
[BlackTeam "BSG Chemie Leipzig"]

1. e4 d5 2. Nc3 dxe4 3. Nxe4 Bf5 4. Ng3 Bg6 5. Nf3 Nf6 6. Bc4 e6 7. O-O Be7 8.
d4 O-O 9. c3 c6 10. Ne5 Nd5 11. Nxg6 hxg6 12. Re1 Nd7 13. Bd2 Qc7 14. Ne4 N7f6
15. Nxf6+ Bxf6 16. Bd3 c5 17. dxc5 Qxc5 18. Qg4 Rfe8 19. Be4 Rad8 20. Rad1 Qb5
21. Bxd5 Qxd5 22. c4 Qd4 23. Qxd4 Rxd4 24. Be3 Rxc4 25. Rd7 Rb4 26. b3 Rc8 27.
Rc1 Rxc1+ 28. Bxc1 Rd4 29. Rxd4 Bxd4 30. Kf1 Kf8 31. Ba3+ Ke8 32. Ke2 g5 33. f3
Kd7 34. Kd3 Be5 35. g3 f5 36. Bc1 Bf6 37. g4 g6 38. Ba3 Kc6 39. Kc4 b5+ 40. Kd3
Kd5 41. Ke3 Be5 42. h3 Bf6 43. Kf2 e5 44. Kg3 e4 45. Bc1 f4+ 46. Kf2 e3+ 47.
Ke2 Bc3 48. Ba3 b4 49. Bc1 Kd4 0-1

[Event "BSG Chemie Leipzig-USV Volksbank Halle"]
[Site "?"]
[Date "2009.12.27"]
[Round "1.2"]
[White "Richter, Leonard"]
[Black "Altstadt, Karl-Simon"]
[Result "1-0"]
[WhiteElo "1650"]
[BlackElo "1349"]
[PlyCount "73"]
[EventDate "2009.??.??"]
[WhiteTeam "BSG Chemie Leipzig"]
[BlackTeam "USV Volksbank Halle"]

1. e4 d6 2. d4 Nf6 3. Bd3 g6 4. c3 Bg7 5. Bf4 O-O 6. Nf3 Bg4 7. Nbd2 Nbd7 8. h3
Bxf3 9. Nxf3 c5 10. d5 Qc7 11. O-O c4 12. Bc2 Nc5 13. Qe2 a5 14. Qxc4 Qb6 15.
Rab1 Rac8 16. Qe2 Rfe8 17. Be3 Qd8 18. Bxc5 Rxc5 19. Ba4 Rf8 20. Nd4 e6 21.
dxe6 Re5 22. exf7+ Rxf7 23. Bc2 Rfe7 24. f4 Rc5 25. Bb3+ d5 26. e5 Nh5 27. Qf2
Rcc7 28. g4 Nxf4 29. Qxf4 Bxe5 30. Qf3 Kh8 31. Qxd5 Rcd7 32. Qf3 Re8 33. Ne6
Qb6+ 34. Kh1 h6 35. Rbe1 Bb8 36. Qf6+ Kg8 37. Ng5+ 1-0

[Event "BSG Chemie Leipzig-USV Volksbank Halle"]
[Site "?"]
[Date "2009.12.27"]
[Round "1.3"]
[White "Geyer, Hannes"]
[Black "Majuntke, Richard"]
[Result "1-0"]
[WhiteElo "1209"]
[BlackElo "1350"]
[PlyCount "59"]
[EventDate "2009.??.??"]
[WhiteTeam "USV Volksbank Halle"]
[BlackTeam "BSG Chemie Leipzig"]

1. e4 e5 2. Nf3 Nc6 3. Nc3 Nf6 4. d3 Bc5 5. Be2 d6 6. Bg5 Be6 7. a3 Qd7 8. Bxf6
gxf6 9. Nd5 Bxd5 10. exd5 Nd4 11. Nxd4 Bxd4 12. c3 Bb6 13. a4 Qf5 14. d4 a6 15.
O-O Ke7 16. Bg4 Qf4 17. Re1 f5 18. Bh3 f6 19. Qc2 Kf7 20. Bxf5 Ke7 21. Qe4 Qh6
22. Qe3 Qh5 23. Qh3 Qg5 24. Re3 h5 25. Rg3 Qh6 26. Bg6 Raf8 27. Qe6+ Kd8 28.
Bf5 Rh7 29. Qc8+ Ke7 30. Qd7# 1-0

[Event "BSG Chemie Leipzig-USV Volksbank Halle"]
[Site "?"]
[Date "2009.12.27"]
[Round "1.4"]
[White "Paschold, Gerry"]
[Black "zur Nieden, Philipp"]
[Result "1-0"]
[WhiteElo "1358"]
[BlackElo "1079"]
[PlyCount "112"]
[EventDate "2009.??.??"]
[WhiteTeam "BSG Chemie Leipzig"]
[BlackTeam "USV Volksbank Halle"]

1. e4 e5 2. Nf3 Nc6 3. d4 d6 4. dxe5 Nxe5 5. Nxe5 dxe5 6. Qxd8+ Kxd8 7. Bc4 Nf6
8. Bxf7 Nxe4 9. O-O Bd6 10. Nd2 Bf5 11. Nf3 Rf8 12. Bc4 Kd7 13. Re1 Rae8 14.
Nh4 Bc5 15. Be3 Bxe3 16. Rxe3 Nxf2 17. Nxf5 Rxf5 18. Rf1 Ref8 19. Be2 h5 20. h3
Nxh3+ 21. gxh3 Rg5+ 22. Kh1 Rxf1+ 23. Bxf1 Rf5 24. Bg2 Ke6 25. Bxb7 Rf2 26. Be4
g5 27. Rf3 Re2 28. Bd3 Re1+ 29. Rf1 Re3 30. Rf2 Rxh3+ 31. Rh2 Rxh2+ 32. Kxh2
Kd5 33. c3 e4 34. Be2 h4 35. Kh3 Ke5 36. Kg4 Kf6 37. Bf1 e3 38. Kf3 Kf5 39.
Bh3+ Ke5 40. Kxe3 c5 41. Bg4 a6 42. b3 a5 43. a3 Kd5 44. Be2 Ke5 45. Kf3 Kf5
46. Bd3+ Ke5 47. Ke3 g4 48. Be2 h3 49. Bxg4 h2 50. Bf3 Kf5 51. Kd3 Kf4 52. Bd5
Ke5 53. Kc4 Kd6 54. Bh1 a4 55. bxa4 Kc7 56. Kxc5 Kb8 1-0

[Event "SV Ahlen 54-USV TU Dresden"]
[Site "?"]
[Date "2009.12.27"]
[Round "1.1"]
[White "Scholz, Robert"]
[Black "Huckebrink, Chris"]
[Result "0-1"]
[WhiteElo "1561"]
[BlackElo "1711"]
[PlyCount "126"]
[EventDate "2009.??.??"]
[WhiteTeam "USV TU Dresden"]
[BlackTeam "SV Ahlen 54"]

1. e4 c5 2. Nc3 Nc6 3. Nf3 e6 4. Bb5 d6 5. O-O Be7 6. d3 a6 7. Bxc6+ bxc6 8.
Bf4 d5 9. Re1 g5 10. Bc1 h5 11. Kf1 d4 12. Ne2 f6 13. Bd2 Qc7 14. g3 e5 15. Kg2
Qd7 16. Nfg1 h4 17. Rf1 Bd6 18. Nc1 Qh7 19. Nf3 hxg3 20. fxg3 Bh3+ 21. Kg1 Bxf1
22. Qxf1 Nh6 23. Nb3 Ng4 24. Qg2 Ra7 25. Re1 Qf7 26. a3 c4 27. Na5 cxd3 28.
cxd3 Qd7 29. Nc4 Rb7 30. Rc1 Rb3 31. Qe2 Ke7 32. Nxd6 Kxd6 33. Bb4+ Rxb4 34.
axb4 Ne3 35. Qf2 Qb7 36. Qd2 Rb8 37. Ne1 Qxb4 38. Qxb4+ Rxb4 39. Rb1 Rb3 40. h3
a5 41. Kf2 a4 42. Ra1 Rxb2+ 43. Kf3 Rh2 44. Rxa4 Rxh3 45. Ng2 g4+ 46. Kf2 Rh2
47. Kg1 Rxg2+ 48. Kh1 Rxg3 49. Kh2 Rh3+ 50. Kg1 Nc2 51. Ra7 Ne1 52. Rf7 Rh6 53.
Rg7 Nxd3 54. Rxg4 c5 55. Rg2 c4 56. Ra2 Nb4 57. Ra4 Kc5 58. Ra8 d3 59. Kf2 c3
60. Rc8+ Nc6 61. Ra8 c2 62. Ke3 c1=Q+ 63. Kxd3 Rh3+ 0-1

[Event "SV Ahlen 54-USV TU Dresden"]
[Site "?"]
[Date "2009.12.27"]
[Round "1.2"]
[White "Klötzel, Eric"]
[Black "Thamm, Merlin Jannes"]
[Result "1/2-1/2"]
[WhiteElo "1190"]
[BlackElo "1546"]
[PlyCount "80"]
[EventDate "2009.??.??"]
[WhiteTeam "SV Ahlen 54"]
[BlackTeam "USV TU Dresden"]

1. d4 d5 2. Nf3 Bf5 3. Bf4 Nf6 4. e3 e6 5. c4 dxc4 6. Bxc4 Bd6 7. Bg3 O-O 8.
Nc3 Bxg3 9. fxg3 Nbd7 10. O-O Nb6 11. Bd3 Bg4 12. Qc2 c6 13. Ne5 Bh5 14. h3
Nbd5 15. Nxd5 cxd5 16. g4 Bg6 17. Nxg6 hxg6 18. g5 Rc8 19. Qe2 Ne4 20. Bxe4
dxe4 21. h4 Rc6 22. Rac1 Qd5 23. Rxc6 Qxc6 24. g4 Qd5 25. b3 Rc8 26. Qg2 e5 27.
Rd1 Rc3 28. Qd2 Rd3 29. Qe2 Rxd1+ 30. Qxd1 exd4 31. Qxd4 Qe6 32. Qd1 Qe5 33.
Qe1 Qb2 34. Qf2 Qc1+ 35. Kg2 Qd1 36. Kg3 a5 37. h5 gxh5 38. gxh5 Qxh5 39. Qf5
b6 40. Qc8+ Kh7 1/2-1/2

[Event "SV Ahlen 54-USV TU Dresden"]
[Site "?"]
[Date "2009.12.27"]
[Round "1.3"]
[White "Heidelberger, Colin"]
[Black "Wefers, Simon"]
[Result "1-0"]
[WhiteElo "1508"]
[BlackElo "1015"]
[PlyCount "37"]
[EventDate "2009.??.??"]
[WhiteTeam "USV TU Dresden"]
[BlackTeam "SV Ahlen 54"]

1. e4 e6 2. d4 d5 3. Nc3 dxe4 4. Nxe4 Nd7 5. Nf3 Ngf6 6. Nxf6+ Nxf6 7. Bd3 Be7
8. O-O O-O 9. Be3 b6 10. c4 Bb7 11. b3 Qd7 12. Ne5 Qd8 13. Rc1 Nd7 14. f4 f6
15. Qh5 h6 16. Qg6 fxe5 17. Qh7+ Kf7 18. Bg6+ Kf6 19. fxe5# 1-0

[Event "SV Ahlen 54-USV TU Dresden"]
[Site "?"]
[Date "2009.12.27"]
[Round "1.4"]
[White "Volesky, Anna-Katharina"]
[Black "Gungl, Theo"]
[Result "0-1"]
[WhiteElo "1026"]
[BlackElo "1477"]
[PlyCount "74"]
[EventDate "2009.??.??"]
[WhiteTeam "SV Ahlen 54"]
[BlackTeam "USV TU Dresden"]

1. e4 c6 2. d4 d5 3. exd5 cxd5 4. c3 Nf6 5. Nf3 Nc6 6. Bd3 Bg4 7. h3 Bh5 8. O-O
e6 9. Bf4 Bd6 10. Bxd6 Qxd6 11. Nbd2 O-O 12. Re1 Rfe8 13. Nb3 e5 14. dxe5 Nxe5
15. Nbd4 a6 16. Rc1 Rac8 17. Nf5 Qd8 18. g4 Nfxg4 19. hxg4 Bxg4 20. N5d4 Nxf3+
21. Nxf3 Rxe1+ 22. Qxe1 Bxf3 23. Qe3 h6 24. Qxf3 Qg5+ 25. Qg3 Qxc1+ 26. Kg2 Qg5
27. Qxg5 hxg5 28. Bf5 Re8 29. Kg3 Re2 30. f3 Rxb2 31. Kg4 Rxa2 32. Kxg5 Ra3 33.
Bc8 Rxc3 34. Bxb7 d4 35. f4 d3 36. Bf3 d2 37. Be2 Re3 0-1

[Event "SK Wildeshausen-SV Unterkochen"]
[Site "?"]
[Date "2009.12.27"]
[Round "1.1"]
[White "Krieg, Hannes"]
[Black "Grigorian, Spartak"]
[Result "0-1"]
[WhiteElo "1457"]
[BlackElo "1745"]
[PlyCount "78"]
[EventDate "2009.??.??"]
[WhiteTeam "SV Unterkochen"]
[BlackTeam "SK Wildeshausen"]

1. e4 c5 2. Nf3 Nc6 3. d3 g6 4. g3 Bg7 5. Bg2 d6 6. Nbd2 e6 7. O-O Nge7 8. Re1
O-O 9. c3 b5 10. Qe2 Rb8 11. Rb1 a5 12. Nf1 b4 13. c4 a4 14. Be3 e5 15. Qd2 Bg4
16. Bh6 Bxh6 17. Qxh6 f6 18. Ne3 Be6 19. Nd5 Nd4 20. Nxd4 cxd4 21. Bh3 Qd7 22.
Bxe6+ Qxe6 23. f4 Nxd5 24. exd5 Qf5 25. Re4 b3 26. a3 Rbe8 27. Rf1 Qd7 28. Qh4
f5 29. Ree1 e4 30. dxe4 fxe4 31. Rd1 d3 32. g4 Qa7+ 33. Kh1 e3 34. Rxd3 e2 35.
Re1 Rxf4 36. Qh3 Qf2 37. Rg1 Qxg1+ 38. Kxg1 e1=Q+ 39. Kg2 Re2# 0-1